Neuroscience: Exploring the brain (Record no. 394804)

MARC details
000 -LEADER
fixed length control field 00662 a2200253 4500
005 - DATE & TIME
control field 20260121101646.0
008 - FIXED-LENGTH DATA ELEMENTS--GENERAL INFORMATION
fixed length control field 260120b |||||||| |||| 00| 0 eng d
020 ## - ISBN
International Standard Book Number 9781284286878
Price $148.95
040 ## - CATALOGING SOURCE
Original cataloging agency VIVEKANANDA LIBRARY
082 ## - DDC NUMBER
Classification number 612.8
Book Number B38N
100 ## - MAIN ENTRY--PERSONAL NAME
Personal name Bear, Mark F
245 ## - TITLE STATEMENT
Title Neuroscience: Exploring the brain
250 ## - EDITION STATEMENT
Edition statement 5th
260 ## - PUBLICATION, DISTRIBUTION, ETC. (IMPRINT)
Name of publisher, distributor, etc ‎ Jones and Bartlett
Date of publication, distribution, etc 2026
Place of publication, distribution, etc Burlington
300 ## - PHYSICAL DESCRIPTION
Pages xliv, 1060
650 ## - Subject
Subject Medicine
650 ## - Subject
Subject Health Science
650 ## - Subject
Subject Human Physiology
650 ## - Subject
Subject Neurophysiology
650 ## - Subject
Subject Nervous System
700 ## - Added Entry Personal Name
Added Entry Personal Name Connors, Barry W
700 ## - Added Entry Personal Name
Added Entry Personal Name Paradiso, Michael A
942 ## - ADDED ENTRY ELEMENTS (KOHA)
Koha item type Books
Holdings
Withdrawn status Lost status Source of classification or shelving scheme Damaged status Not for loan Location (home branch) Sublocation or collection (holding branch) Shelving location Date acquired Koha issues (times borrowed) Koha full call number Accession No. Koha date last seen Koha item type
    Dewey Decimal Classification     VIVEKANANDA LIBRARY VIVEKANANDA LIBRARY Vivekananda Library 06/01/2026   612.8 B38N 444167 06/01/2026 Books
© Designed and Maintained by Vivekananda Library, MDU Rohtak